[Event "182nd Stay Safe Play From Home series"]
[Site "T#646404Emanuel Laske"]
[Date "2020.05.28"]
[Round "2"]
[White "Lazieri3"]
[Black "Dj amir"]
[Result "0-1"]
[WhiteElo "2027"]
[BlackElo "2424"]
[PlyCount "110"]
[EventDate "2020.05.28"]
[EventType "swiss (blitz)"]

1. e4 {[%emt 0:00:01]} Nf6 {[%emt 0:00:00]} 2. Nc3 {[%emt 0:00:00]} d5 {[%emt 0:00:01]} 3. exd5 {[%emt 0:00:00]} Nxd5 {[%emt 0:00:00]} 4. Nxd5 {[%emt 0:00:00]} Qxd5 {[%emt 0:00:00]} 5. Qf3 {[%emt 0:00:00]} Qxf3 {[%emt 0:00:00]} 6. Nxf3 {[%emt 0:00:00]} Nc6 {[%emt 0:00:00]} 7. c3 {[%emt 0:00:01]} Bg4 {[%emt 0:00:01]} 8. Be2 {[%emt 0:00:01]} e5 {[%emt 0:00:01]} 9. h3 {[%emt 0:00:02]} Bf5 {[%emt 0:00:02]} 10. Bb5 {[%emt 0:00:02]} f6 {[%emt 0:00:01]} 11. O-O {[%emt 0:00:02]} O-O-O {[%emt 0:00:02]} 12. d4 {[%emt 0:00:02]} e4 {[%emt 0:00:03]} 13. Nd2 {[%emt 0:00:05]} Bg6 {[%emt 0:00:03]} 14. Nc4 {[%emt 0:00:01]} Nb8 {[%emt 0:00:01]} 15. Ne3 {[%emt 0:00:01]} c6 {[%emt 0:00:01]} 16. Ba4 {[%emt 0:00:01]} f5 {[%emt 0:00:01]} 17. Bb3 {[%emt 0:00:01]} Re8 {[%emt 0:00:01]} 18. Nc4 {[%emt 0:00:02]} Nd7 {[%emt 0:00:01]} 19. Bf4 {[%emt 0:00:02]} Bf7 {[%emt 0:00:02]} 20. Ne5 {[%emt 0:00:02]} Bd5 {[%emt 0:00:02]} 21. Nxd7 {[%emt 0:00:02]} Kxd7 {[%emt 0:00:01]} 22. c4 {[%emt 0:00:01]} Bf7 {[%emt 0:00:01]} 23. d5 {[%emt 0:00:01]} c5 {[%emt 0:00:01]} 24. Ba4+ {[%emt 0:00:02]} Kd8 {[%emt 0:00:00]} 25. Bxe8 {[%emt 0:00:03]} Bxe8 {[%emt 0:00:00]} 26. f3 {[%emt 0:00:01]} e3 {[%emt 0:00:01]} 27. Bxe3 {[%emt 0:00:01]} Bd6 {[%emt 0:00:00]} 28. Bg5+ {[%emt 0:00:01]} Kd7 {[%emt 0:00:01]} 29. Rfe1 {[%emt 0:00:00]} h6 {[%emt 0:00:01]} 30. Bd2 {[%emt 0:00:01]} Rg8 {[%emt 0:00:02]} 31. a3 {[%emt 0:00:01]} Bf7 {[%emt 0:00:00]} 32. b4 {[%emt 0:00:01]} cxb4 {[%emt 0:00:00]} 33. Bxb4 {[%emt 0:00:01]} Bxb4 {[%emt 0:00:00]} 34. axb4 {[%emt 0:00:00]} a6 {[%emt 0:00:01]} 35. Rad1 {[%emt 0:00:02] Lazieri3 offers a draw} Rc8 {[%emt 0:00:05]} 36. Rc1 {[%emt 0:00:01]} b6 {[%emt 0:00:01]} 37. Kf2 {[%emt 0:00:00]} a5 {[%emt 0:00:01]} 38. bxa5 {[%emt 0:00:01]} bxa5 {[%emt 0:00:00]} 39. g4 {[%emt 0:00:01]} f4 {[%emt 0:00:02]} 40. h4 {[%emt 0:00:01]} Rc5 {[%emt 0:00:01]} 41. Re4 {[%emt 0:00:02]} Kd6 {[%emt 0:00:00]} 42. Rxf4 {[%emt 0:00:01]} Bg6 {[%emt 0:00:00]} 43. h5 {[%emt 0:00:02]} Bd3 {[%emt 0:00:01]} 44. Rf7 {[%emt 0:00:01]} Bxc4 {[%emt 0:00:01]} 45. Rxg7 {[%emt 0:00:01]} Kxd5 {[%emt 0:00:00]} 46. Rg6 {[%emt 0:00:00]} Rb5 {[%emt 0:00:01]} 47. Kg3 {[%emt 0:00:00]} Rb3 {[%emt 0:00:01]} 48. Rd1+ {[%emt 0:00:00]} Kc5 {[%emt 0:00:01]} 49. Rxh6 {[%emt 0:00:00]} Be2 {[%emt 0:00:00]} 50. Rf1 {[%emt 0:00:01]} Bxf1 {[%emt 0:00:01]} 51. Rg6 {[%emt 0:00:01]} Bc4 {[%emt 0:00:00]} 52. h6 {[%emt 0:00:00]} Bd3 {[%emt 0:00:00]} 53. Kh4 {[%emt 0:00:00]} Bxg6 {[%emt 0:00:01]} 54. Kg5 {[%emt 0:00:00]} Bh7 {[%emt 0:00:00]} 55. Kf6 {[%emt 0:00:01]} Rb7 {[%emt 0:00:00] Time (Lag: Av=0.50s, max=0.8s) .} 0-1

[Event "182nd Stay Safe Play From Home series"]
[Site "T#646404Emanuel Laske"]
[Date "2020.05.28"]
[Round "2"]
[White "KLIND"]
[Black "Weltszmerc"]
[Result "1-0"]
[WhiteElo "2002"]
[BlackElo "2008"]
[Annotator "NA"]
[PlyCount "53"]
[EventDate "2020.05.28"]
[EventType "swiss (blitz)"]

1. e4 {[%emt 0:00:09]} Nf6 {[%emt 0:00:00]} 2. e5 {[%emt 0:00:01]} Nd5 {[%emt 0:00:01]} 3. c4 {[%emt 0:00:00]} Nb6 {[%emt 0:00:01]} 4. d4 {[%emt 0:00:00]} d6 {[%emt 0:00:00]} 5. exd6 {[%emt 0:00:01]} cxd6 {[%emt 0:00:00]} 6. Nf3 {[%emt 0:00:01]} g6 {[%emt 0:00:00]} 7. Nc3 {[%emt 0:00:01]} Bg7 {[%emt 0:00:00]} 8. Bd3 {[%emt 0:00:01]} O-O {[%emt 0:00:00]} 9. O-O {[%emt 0:00:01]} Nc6 {[%emt 0:00:00]} 10. Bg5 {[%emt 0:00:00]} f6 {[%emt 0:00:01]} 11. Bh4 {[%emt 0:00:02]} e5 {[%emt 0:00:00]} 12. d5 {[%emt 0:00:01]} Ne7 {[%emt 0:00:01]} 13. b3 {[%emt 0:00:02]} Bf5 {[%emt 0:00:01]} 14. Bxf5 {[%emt 0:00:01]} Nxf5 {[%emt 0:00:00]} 15. Bg3 {[%emt 0:00:00]} Nxg3 {[%emt 0:00:01]} 16. hxg3 {[%emt 0:00:00]} f5 {[%emt 0:00:01]} 17. Qd2 {[%emt 0:00:02]} a6 {[%emt 0:00:01]} 18. Ng5 {[%emt 0:00:01]} Bh6 {[%emt 0:00:01]} 19. f4 {[%emt 0:00:02]} Bxg5 {[%emt 0:00:01]} 20. fxg5 {[%emt 0:00:01]} Nd7 {[%emt 0:00:00]} 21. Qe3 {[%emt 0:00:01]} e4 {[%emt 0:00:01]} 22. Qd4 {[%emt 0:00:01]} Qxg5 {[%emt 0:00:02]} 23. Ne2 {[%emt 0:00:02]} Ne5 {[%emt 0:00:01]} 24. Nf4 {[%emt 0:00:01]} Qxg3 {[%emt 0:00:02]} 25. Ne6 {[%emt 0:00:01]} Nf3+ {[%emt 0:00:01]} 26. Rxf3 {[%emt 0:00:03]} exf3 {[%emt 0:00:00]} 27. Qg7# {[%emt 0:00:00] (Lag: Av=0.67s, max=0.9s)} 1-0

[Event "182nd Stay Safe Play From Home series"]
[Site "T#646404Emanuel Laske"]
[Date "2020.05.28"]
[Round "2"]
[White "Don59as"]
[Black "Greblah"]
[Result "0-1"]
[WhiteElo "1996"]
[BlackElo "1927"]
[Annotator "NA"]
[PlyCount "88"]
[EventDate "2020.05.28"]
[EventType "swiss (blitz)"]

1. c4 {[%emt 0:00:26]} c6 {[%emt 0:00:00]} 2. Nc3 {[%emt 0:00:01]} d5 {[%emt 0:00:00]} 3. e3 {[%emt 0:00:01]} e5 {[%emt 0:00:01]} 4. cxd5 {[%emt 0:00:00]} cxd5 {[%emt 0:00:01]} 5. Nf3 {[%emt 0:00:00]} e4 {[%emt 0:00:01]} 6. Nd4 {[%emt 0:00:01]} Nf6 {[%emt 0:00:01]} 7. d3 {[%emt 0:00:01]} Be7 {[%emt 0:00:01]} 8. dxe4 {[%emt 0:00:01]} dxe4 {[%emt 0:00:01]} 9. Be2 {[%emt 0:00:01]} O-O {[%emt 0:00:01]} 10. O-O {[%emt 0:00:01]} Nc6 {[%emt 0:00:01]} 11. Nxc6 {[%emt 0:00:01]} bxc6 {[%emt 0:00:01]} 12. b3 {[%emt 0:00:01]} Qxd1 {[%emt 0:00:01]} 13. Rxd1 {[%emt 0:00:01]} Bb7 {[%emt 0:00:00]} 14. Bb2 {[%emt 0:00:00]} Rfd8 {[%emt 0:00:01]} 15. Na4 {[%emt 0:00:01]} Rxd1+ {[%emt 0:00:01]} 16. Rxd1 {[%emt 0:00:01]} Rd8 {[%emt 0:00:00]} 17. Rxd8+ {[%emt 0:00:01]} Bxd8 {[%emt 0:00:03]} 18. Bd4 {[%emt 0:00:00]} a5 {[%emt 0:00:02]} 19. Nc5 {[%emt 0:00:01]} Bc8 {[%emt 0:00:01]} 20. Bxf6 {[%emt 0:00:01]} gxf6 {[%emt 0:00:01]} 21. Nxe4 {[%emt 0:00:00]} f5 {[%emt 0:00:01]} 22. Nc3 {[%emt 0:00:01]} Kg7 {[%emt 0:00:01]} 23. f4 {[%emt 0:00:02]} Kf6 {[%emt 0:00:01]} 24. Kf2 {[%emt 0:00:01]} Be6 {[%emt 0:00:01]} 25. Na4 {[%emt 0:00:01]} c5 {[%emt 0:00:02]} 26. Bc4 {[%emt 0:00:01]} Bxc4 {[%emt 0:00:01]} 27. bxc4 {[%emt 0:00:00]} Be7 {[%emt 0:00:01]} 28. Ke2 {[%emt 0:00:01]} Ke6 {[%emt 0:00:01]} 29. Kf3 {[%emt 0:00:01]} Kd7 {[%emt 0:00:00]} 30. e4 {[%emt 0:00:00]} fxe4+ {[%emt 0:00:00]} 31. Kxe4 {[%emt 0:00:00]} Kc6 {[%emt 0:00:00]} 32. Ke5 {[%emt 0:00:01]} f6+ {[%emt 0:00:01]} 33. Ke6 {[%emt 0:00:01]} Bd8 {[%emt 0:00:01]} 34. f5 {[%emt 0:00:01]} h5 {[%emt 0:00:01]} 35. g4 {[%emt 0:00:00]} hxg4 {[%emt 0:00:01]} 36. Nc3 {[%emt 0:00:02]} Kc7 {[%emt 0:00:03]} 37. Nd1 {[%emt 0:00:01]} Kc6 {[%emt 0:00:01]} 38. Ne3 {[%emt 0:00:01]} a4 {[%emt 0:00:01]} 39. Nxg4 {[%emt 0:00:01]} Kb6 {[%emt 0:00:01]} 40. Nxf6 {[%emt 0:00:01]} Ka5 {[%emt 0:00:01]} 41. Ne4 {[%emt 0:00:01]} Kb4 {[%emt 0:00:01]} 42. Kd5 {[%emt 0:00:00]} Be7 {[%emt 0:00:02]} 43. f6 {[%emt 0:00:01]} Bf8 {[%emt 0:00:01]} 44. f7 {[%emt 0:00:01]} a3 {[%emt 0:00:01] Time (Lag: Av=0.34s, max=0.4s)} 0-1

[Event "182nd Stay Safe Play From Home series"]
[Site "T#646404Emanuel Laske"]
[Date "2020.05.28"]
[Round "2"]
[White "Trotsky"]
[Black "Rogan"]
[Result "0-1"]
[WhiteElo "1552"]
[BlackElo "2231"]
[PlyCount "60"]
[EventDate "2020.05.28"]
[EventType "swiss (blitz)"]

1. d4 {[%emt 0:00:02]} d5 {[%emt 0:00:01]} 2. e3 {[%emt 0:00:00]} c6 {[%emt 0:00:00]} 3. c4 {[%emt 0:00:01]} Nf6 {[%emt 0:00:00]} 4. Nc3 {[%emt 0:00:01]} Bg4 {[%emt 0:00:00]} 5. f3 {[%emt 0:00:02]} Bh5 {[%emt 0:00:01]} 6. g4 {[%emt 0:00:01]} Bg6 {[%emt 0:00:01]} 7. c5 {[%emt 0:00:00]} Nbd7 {[%emt 0:00:01]} 8. Bd3 {[%emt 0:00:01]} e5 {[%emt 0:00:01]} 9. Qc2 {[%emt 0:00:01]} exd4 {[%emt 0:00:01]} 10. exd4 {[%emt 0:00:01]} Qc7 {[%emt 0:00:02]} 11. f4 {[%emt 0:00:04]} Bxd3 {[%emt 0:00:01]} 12. Qxd3 {[%emt 0:00:01]} Nxg4 {[%emt 0:00:01]} 13. Bd2 {[%emt 0:00:05]} Ngf6 {[%emt 0:00:02]} 14. O-O-O {[%emt 0:00:01]} O-O-O {[%emt 0:00:03]} 15. Qc2 {[%emt 0:00:01]} g6 {[%emt 0:00:01]} 16. Nge2 {[%emt 0:00:01]} h5 {[%emt 0:00:01]} 17. Kb1 {[%emt 0:00:01]} Bh6 {[%emt 0:00:01]} 18. Rc1 {[%emt 0:00:02]} Rde8 {[%emt 0:00:01]} 19. Rhe1 {[%emt 0:00:06]} Ne4 {[%emt 0:00:01]} 20. Be3 {[%emt 0:00:01]} Ndf6 {[%emt 0:00:02]} 21. Nxe4 {[%emt 0:00:02]} Nxe4 {[%emt 0:00:01]} 22. Qa4 {[%emt 0:00:02]} a6 {[%emt 0:00:05]} 23. Nc3 {[%emt 0:00:01]} Nxc3+ {[%emt 0:00:01]} 24. Rxc3 {[%emt 0:00:01]} Bxf4 {[%emt 0:00:01]} 25. Ka1 {[%emt 0:00:11]} Qe7 {[%emt 0:00:02]} 26. b4 {[%emt 0:00:02]} Qe4 {[%emt 0:00:03]} 27. b5 {[%emt 0:00:02]} Bxe3 {[%emt 0:00:02]} 28. bxc6 {[%emt 0:00:02]} Qxd4 {[%emt 0:00:10] '} 29. cxb7+ {[%emt 0:00:01]} Kb8 {[%emt 0:00:02]} 30. Qb3 {[%emt 0:00:03] .} Bd2 {[%emt 0:00:03] Âðåìÿ (Lag: Av=0.38s, max=1.1s)} 0-1

[Event "182nd Stay Safe Play From Home series"]
[Site "T#646404Emanuel Laske"]
[Date "2020.05.28"]
[Round "3"]
[White "Broken sword"]
[Black "KLIND"]
[Result "1-0"]
[WhiteElo "2480"]
[BlackElo "2019"]
[PlyCount "87"]
[EventDate "2020.05.28"]
[EventType "swiss (blitz)"]

1. d4 {[%emt 0:00:02]} d5 {[%emt 0:00:00]} 2. c4 {[%emt 0:00:01]} c6 {[%emt 0:00:00]} 3. Nc3 {[%emt 0:00:01]} Nf6 {[%emt 0:00:01]} 4. cxd5 {[%emt 0:00:00]} cxd5 {[%emt 0:00:01]} 5. Nf3 {[%emt 0:00:00]} Nc6 {[%emt 0:00:01]} 6. Bf4 {[%emt 0:00:00]} Bf5 {[%emt 0:00:01]} 7. e3 {[%emt 0:00:00]} e6 {[%emt 0:00:01]} 8. Bd3 {[%emt 0:00:01]} Bxd3 {[%emt 0:00:02]} 9. Qxd3 {[%emt 0:00:00]} Nb4 {[%emt 0:00:01]} 10. Qb5+ {[%emt 0:00:01]} Qd7 {[%emt 0:00:03]} 11. O-O {[%emt 0:00:00]} Qxb5 {[%emt 0:00:01]} 12. Nxb5 {[%emt 0:00:00]} Na6 {[%emt 0:00:04]} 13. Rac1 {[%emt 0:00:02]} Be7 {[%emt 0:00:02]} 14. Nc7+ {[%emt 0:00:00]} Nxc7 {[%emt 0:00:01]} 15. Rxc7 {[%emt 0:00:00]} Rb8 {[%emt 0:00:01]} 16. Rfc1 {[%emt 0:00:01]} Nh5 {[%emt 0:00:03]} 17. Rxe7+ {[%emt 0:00:04]} Kxe7 {[%emt 0:00:03]} 18. Bxb8 {[%emt 0:00:00]} Rxb8 {[%emt 0:00:00]} 19. Rc7+ {[%emt 0:00:00]} Ke8 {[%emt 0:00:02]} 20. Ne5 {[%emt 0:00:00]} f6 {[%emt 0:00:02]} 21. Nd7 {[%emt 0:00:03]} Kd8 {[%emt 0:00:01]} 22. Rc3 {[%emt 0:00:06]} Kxd7 {[%emt 0:00:01]} 23. g4 {[%emt 0:00:01]} Rc8 {[%emt 0:00:01]} 24. Rb3 {[%emt 0:00:00]} Rc1+ {[%emt 0:00:01]} 25. Kg2 {[%emt 0:00:00]} Rc7 {[%emt 0:00:01]} 26. gxh5 {[%emt 0:00:01]} g6 {[%emt 0:00:00]} 27. hxg6 {[%emt 0:00:01]} hxg6 {[%emt 0:00:00]} 28. Kg3 {[%emt 0:00:00]} g5 {[%emt 0:00:01]} 29. Kg4 {[%emt 0:00:01]} b6 {[%emt 0:00:01]} 30. h4 {[%emt 0:00:01]} gxh4 {[%emt 0:00:01]} 31. Kxh4 {[%emt 0:00:00]} Kd6 {[%emt 0:00:00]} 32. Kg3 {[%emt 0:00:01]} Rh7 {[%emt 0:00:00]} 33. Kf3 {[%emt 0:00:01]} Rg7 {[%emt 0:00:00]} 34. Rc3 {[%emt 0:00:01]} Rc7 {[%emt 0:00:01]} 35. Rb3 {[%emt 0:00:00]} Rc2 {[%emt 0:00:01]} 36. a3 {[%emt 0:00:01]} f5 {[%emt 0:00:02]} 37. a4 {[%emt 0:00:01]} a6 {[%emt 0:00:01]} 38. Rxb6+ {[%emt 0:00:01]} Kd7 {[%emt 0:00:00]} 39. Rxa6 {[%emt 0:00:01]} Rxb2 {[%emt 0:00:00]} 40. Ra7+ {[%emt 0:00:00]} Rb7 {[%emt 0:00:01]} 41. Rxb7+ {[%emt 0:00:01]} Kd6 {[%emt 0:00:01]} 42. Rb6+ {[%emt 0:00:01]} Ke7 {[%emt 0:00:01]} 43. a5 {[%emt 0:00:00]} Ke8 {[%emt 0:00:00]} 44. a6 {[%emt 0:00:00] KLIND resigns (Lag: Av=0.30s, max=2.6s)} 1-0

[Event "182nd Stay Safe Play From Home series"]
[Site "T#646404Emanuel Laske"]
[Date "2020.05.28"]
[Round "3"]
[White "Rogan"]
[Black "Dj amir"]
[Result "0-1"]
[WhiteElo "2232"]
[BlackElo "2427"]
[PlyCount "32"]
[EventDate "2020.05.28"]
[EventType "swiss (blitz)"]

1. d4 {[%emt 0:00:01]} Nf6 {[%emt 0:00:00]} 2. c3 {[%emt 0:00:00]} d5 {[%emt 0:00:01]} 3. Nf3 {[%emt 0:00:00]} c6 {[%emt 0:00:00]} 4. Bg5 {[%emt 0:00:00]} Ne4 {[%emt 0:00:01]} 5. Bh4 {[%emt 0:00:01]} Bf5 {[%emt 0:00:00]} 6. Nbd2 {[%emt 0:00:01]} Nd7 {[%emt 0:00:00]} 7. Nxe4 {[%emt 0:00:01]} Bxe4 {[%emt 0:00:00]} 8. e3 {[%emt 0:00:00]} e6 {[%emt 0:00:01]} 9. Bd3 {[%emt 0:00:01]} Bxf3 {[%emt 0:00:02]} 10. Qb3 {[%emt 0:00:09]} Qxh4 {[%emt 0:00:02]} 11. Qxb7 {[%emt 0:00:01]} Rb8 {[%emt 0:00:00]} 12. Qxc6 {[%emt 0:00:02]} Bxg2 {[%emt 0:00:01]} 13. Bb5 {[%emt 0:00:01]} Rxb5 {[%emt 0:00:07]} 14. Rg1 {[%emt 0:00:02]} Qxh2 {[%emt 0:00:02]} 15. O-O-O {[%emt 0:00:02]} Rb8 {[%emt 0:00:02]} 16. Qc7 {[%emt 0:00:01]} Qxc7 {[%emt 0:00:02] Rogan resigns (Lag: Av=0.39s, max=0.8s)} 0-1

[Event "182nd Stay Safe Play From Home series"]
[Site "T#646404Emanuel Laske"]
[Date "2020.05.28"]
[Round "3"]
[White "Lamborghini"]
[Black "SoulofWolf"]
[Result "1-0"]
[WhiteElo "2173"]
[BlackElo "2147"]
[Annotator "NA"]
[PlyCount "53"]
[EventDate "2020.05.28"]
[EventType "swiss (blitz)"]

1. e4 {[%emt 0:00:01]} e6 {[%emt 0:00:00]} 2. d4 {[%emt 0:00:01]} c5 {[%emt 0:00:00]} 3. Nf3 {[%emt 0:00:02]} Be7 {[%emt 0:00:00]} 4. Nc3 {[%emt 0:00:04]} a6 {[%emt 0:00:01]} 5. d5 {[%emt 0:00:01]} exd5 {[%emt 0:00:01]} 6. Nxd5 {[%emt 0:00:01]} Nc6 {[%emt 0:00:02]} 7. Bf4 {[%emt 0:00:01]} d6 {[%emt 0:00:01]} 8. Nxe7 {[%emt 0:00:01]} Qxe7 {[%emt 0:00:00]} 9. Bxd6 {[%emt 0:00:02]} Qd7 {[%emt 0:00:01]} 10. e5 {[%emt 0:00:01]} b6 {[%emt 0:00:01]} 11. Bc4 {[%emt 0:00:02]} Nge7 {[%emt 0:00:02]} 12. O-O {[%emt 0:00:01]} O-O {[%emt 0:00:00]} 13. Re1 {[%emt 0:00:02]} b5 {[%emt 0:00:01]} 14. e6 {[%emt 0:00:01]} Qb7 {[%emt 0:00:05]} 15. exf7+ {[%emt 0:00:01]} Kh8 {[%emt 0:00:00]} 16. Bd5 {[%emt 0:00:01]} Qd7 {[%emt 0:00:08]} 17. Bxc6 {[%emt 0:00:02]} Qxc6 {[%emt 0:00:03]} 18. Bxe7 {[%emt 0:00:01]} Rxf7 {[%emt 0:00:01]} 19. Ne5 {[%emt 0:00:02]} Qe6 {[%emt 0:00:05]} 20. Nxf7+ {[%emt 0:00:01]} Qxf7 {[%emt 0:00:01]} 21. Qf3 {[%emt 0:00:00]} Qg8 {[%emt 0:00:01]} 22. Qxa8 {[%emt 0:00:02]} h6 {[%emt 0:00:02]} 23. Bxc5 {[%emt 0:00:02]} Be6 {[%emt 0:00:01]} 24. Qxg8+ {[%emt 0:00:02]} Bxg8 {[%emt 0:00:00]} 25. Bd4 {[%emt 0:00:01]} Kh7 {[%emt 0:00:01]} 26. Re7 {[%emt 0:00:00]} Kg6 {[%emt 0:00:00]} 27. Rxg7+ {[%emt 0:00:00] SoulofWolf poddaje siê (Lag: Av=0.34s, max=1.1s)} 1-0

[Event "182nd Stay Safe Play From Home series"]
[Site "T#646404Emanuel Laske"]
[Date "2020.05.28"]
[Round "3"]
[White "little champs"]
[Black "Don59as"]
[Result "0-1"]
[WhiteElo "2161"]
[BlackElo "1976"]
[Annotator "NA"]
[PlyCount "92"]
[EventDate "2020.05.28"]
[EventType "swiss (blitz)"]

1. d4 {[%emt 0:00:01]} d5 {[%emt 0:00:01]} 2. e3 {[%emt 0:00:01]} e6 {[%emt 0:00:01]} 3. Nf3 {[%emt 0:00:00]} Nf6 {[%emt 0:00:00]} 4. Be2 {[%emt 0:00:00]} Be7 {[%emt 0:00:00]} 5. O-O {[%emt 0:00:00]} O-O {[%emt 0:00:00]} 6. c4 {[%emt 0:00:00]} Nbd7 {[%emt 0:00:00]} 7. Nc3 {[%emt 0:00:00]} c5 {[%emt 0:00:01]} 8. cxd5 {[%emt 0:00:00]} exd5 {[%emt 0:00:01]} 9. dxc5 {[%emt 0:00:00]} Nxc5 {[%emt 0:00:00]} 10. b3 {[%emt 0:00:01]} b6 {[%emt 0:00:01]} 11. Bb2 {[%emt 0:00:00]} Bb7 {[%emt 0:00:00]} 12. Rc1 {[%emt 0:00:00]} Rc8 {[%emt 0:00:01]} 13. Nd4 {[%emt 0:00:00]} Nfe4 {[%emt 0:00:01]} 14. Nf5 {[%emt 0:00:02]} Bf6 {[%emt 0:00:01]} 15. Nxe4 {[%emt 0:00:01]} dxe4 {[%emt 0:00:01]} 16. Nd4 {[%emt 0:00:04]} Re8 {[%emt 0:00:04]} 17. Qd2 {[%emt 0:00:01]} g6 {[%emt 0:00:01]} 18. Rfd1 {[%emt 0:00:01]} Be5 {[%emt 0:00:01]} 19. g3 {[%emt 0:00:01]} h5 {[%emt 0:00:02]} 20. Qe1 {[%emt 0:00:01]} Qf6 {[%emt 0:00:01]} 21. b4 {[%emt 0:00:02]} Nd3 {[%emt 0:00:01]} 22. Bxd3 {[%emt 0:00:01]} exd3 {[%emt 0:00:00]} 23. f4 {[%emt 0:00:00]} Bxd4 {[%emt 0:00:03]} 24. Bxd4 {[%emt 0:00:01]} Qf5 {[%emt 0:00:01]} 25. Rxc8 {[%emt 0:00:02]} Rxc8 {[%emt 0:00:01]} 26. e4 {[%emt 0:00:04]} Qxe4 {[%emt 0:00:02]} 27. Qxe4 {[%emt 0:00:01]} Bxe4 {[%emt 0:00:00]} 28. Rd2 {[%emt 0:00:00]} Rc2 {[%emt 0:00:01]} 29. Be3 {[%emt 0:00:01]} f5 {[%emt 0:00:01]} 30. Kf2 {[%emt 0:00:01]} Kf7 {[%emt 0:00:01]} 31. h4 {[%emt 0:00:01]} Ke6 {[%emt 0:00:01]} 32. Rxc2 {[%emt 0:00:01]} dxc2 {[%emt 0:00:01]} 33. Bc1 {[%emt 0:00:00]} Kd5 {[%emt 0:00:00]} 34. Ke3 {[%emt 0:00:01]} Kc4 {[%emt 0:00:00]} 35. a3 {[%emt 0:00:00]} Kb3 {[%emt 0:00:01]} 36. Kd2 {[%emt 0:00:01]} a6 {[%emt 0:00:02]} 37. Ke3 {[%emt 0:00:02]} Kc4 {[%emt 0:00:01]} 38. Kd2 {[%emt 0:00:01]} a5 {[%emt 0:00:01]} 39. bxa5 {[%emt 0:00:01]} bxa5 {[%emt 0:00:00]} 40. Ke3 {[%emt 0:00:00]} a4 {[%emt 0:00:00]} 41. Kd2 {[%emt 0:00:01]} Kd4 {[%emt 0:00:01]} 42. Bb2+ {[%emt 0:00:01]} Kc4 {[%emt 0:00:01]} 43. Bc1 {[%emt 0:00:02]} Kb3 {[%emt 0:00:00]} 44. Ke3 {[%emt 0:00:01]} Ka2 {[%emt 0:00:00]} 45. Ke2 {[%emt 0:00:10]} Kb1 {[%emt 0:00:00]} 46. Kd2 {[%emt 0:00:00]} Bd5 {[%emt 0:00:03] little champs resigns (Lag: Av=0.77s, max=2.4s)} 0-1

[Event "182nd Stay Safe Play From Home series"]
[Site "T#646404Emanuel Laske"]
[Date "2020.05.28"]
[Round "3"]
[White "Lazieri3"]
[Black "Trotsky"]
[Result "0-1"]
[WhiteElo "2024"]
[BlackElo "1551"]
[Annotator "NA"]
[PlyCount "30"]
[EventDate "2020.05.28"]
[EventType "swiss (blitz)"]

1. e4 {[%emt 0:00:01]} c5 {[%emt 0:00:01]} 2. Nc3 {[%emt 0:00:00]} Nc6 {[%emt 0:00:01]} 3. d3 {[%emt 0:00:01]} Nf6 {[%emt 0:00:01]} 4. Nf3 {[%emt 0:00:01]} e6 {[%emt 0:00:00]} 5. Be3 {[%emt 0:00:02]} d5 {[%emt 0:00:03]} 6. exd5 {[%emt 0:00:01]} exd5 {[%emt 0:00:01]} 7. d4 {[%emt 0:00:00]} c4 {[%emt 0:00:01]} 8. Be2 {[%emt 0:00:02]} Be6 {[%emt 0:00:01]} 9. Bf4 {[%emt 0:00:01]} a6 {[%emt 0:00:01]} 10. Ne5 {[%emt 0:00:01]} Bd6 {[%emt 0:00:01]} 11. Nxc6 {[%emt 0:00:01]} bxc6 {[%emt 0:00:01]} 12. Bxd6 {[%emt 0:00:00]} Qxd6 {[%emt 0:00:01]} 13. O-O {[%emt 0:00:00]} h5 {[%emt 0:00:01]} 14. h3 {[%emt 0:00:01]} Ng4 {[%emt 0:00:01]} 15. Qd2 {[%emt 0:00:04]} Qh2# {[%emt 0:00:01] (Lag: Av=0.41s, max=1.1s)} 0-1

[Event "182nd Stay Safe Play From Home series"]
[Site "T#646404Emanuel Laske"]
[Date "2020.05.28"]
[Round "3"]
[White "Weltszmerc"]
[Black "Emresenar"]
[Result "1-0"]
[WhiteElo "1991"]
[BlackElo "1755"]
[Annotator "NA"]
[PlyCount "59"]
[EventDate "2020.05.28"]
[EventType "swiss (blitz)"]

1. d4 {[%emt 0:00:02]} b6 {[%emt 0:00:00]} 2. c4 {[%emt 0:00:00]} Bb7 {[%emt 0:00:01]} 3. Nc3 {[%emt 0:00:00]} g6 {[%emt 0:00:00]} 4. e4 {[%emt 0:00:01]} Bg7 {[%emt 0:00:00]} 5. f3 {[%emt 0:00:00]} d6 {[%emt 0:00:01]} 6. Be3 {[%emt 0:00:00]} Nf6 {[%emt 0:00:01]} 7. d5 {[%emt 0:00:01]} O-O {[%emt 0:00:01]} 8. Nge2 {[%emt 0:00:00]} Nbd7 {[%emt 0:00:00]} 9. Nd4 {[%emt 0:00:00]} Ne5 {[%emt 0:00:01]} 10. Qd2 {[%emt 0:00:01]} Ba6 {[%emt 0:00:02]} 11. b3 {[%emt 0:00:01]} c5 {[%emt 0:00:03]} 12. dxc6 {[%emt 0:00:02]} Qc7 {[%emt 0:00:02]} 13. Ncb5 {[%emt 0:00:03]} Bxb5 {[%emt 0:00:02]} 14. cxb5 {[%emt 0:00:00]} a6 {[%emt 0:00:08]} 15. a4 {[%emt 0:00:02]} axb5 {[%emt 0:00:01]} 16. Bxb5 {[%emt 0:00:00]} d5 {[%emt 0:00:04]} 17. exd5 {[%emt 0:00:05]} Nxd5 {[%emt 0:00:00]} 18. O-O {[%emt 0:00:01]} Nxe3 {[%emt 0:00:01]} 19. Qxe3 {[%emt 0:00:01]} Rfd8 {[%emt 0:00:12]} 20. Rad1 {[%emt 0:00:02]} e6 {[%emt 0:00:04]} 21. Kh1 {[%emt 0:00:01]} Rac8 {[%emt 0:00:04]} 22. Rfe1 {[%emt 0:00:03]} f5 {[%emt 0:00:03]} 23. Nxe6 {[%emt 0:00:02]} Qe7 {[%emt 0:00:02]} 24. Nxd8 {[%emt 0:00:01]} Rxd8 {[%emt 0:00:01]} 25. Rxd8+ {[%emt 0:00:01]} Qxd8 {[%emt 0:00:00]} 26. Qe2 {[%emt 0:00:03]} Nxf3 {[%emt 0:00:03]} 27. Qxf3 {[%emt 0:00:02]} Qd2 {[%emt 0:00:00]} 28. Qe2 {[%emt 0:00:01]} Qxe1+ {[%emt 0:00:00]} 29. Qxe1 {[%emt 0:00:01]} Bc3 {[%emt 0:00:01]} 30. Qe6+ {[%emt 0:00:01] Zaman (Lag: Av=0.91s, max=1.6s)} 1-0